000 00571nam a2200193Ia 4500
003 GCL
008 140319s9999 xx 000 0 eng d
040 _aGCL /
_cGCL
082 0 4 _a210.93934
_bP C
100 1 _aPELIKAN, JAROSLOV
245 1 0 _aCHRISTIANITY AND CLASSICAL CULTURE THE METAMOR PHOSIS OF NATURAL THEOLOGY IN THE CHRISTIAN /
_cPELIKAN, JAROSLOV
260 _a[S.N] :
_bYALE UNIVERSITY ،
_c1993
300 _a368 P
650 0 4 _aNATURAL THEOLOGY
650 0 4 _aEARLY CHURCH
650 0 4 _aHISTORY
650 0 4 _aCHRISTIANITY AND CULTURE
942 _2ddc
_cBK
999 _c23667
_d23667